| 000 | 00884nam a2200289Ia 4500 | ||
|---|---|---|---|
| 001 | G7826 | ||
| 003 | IT-RoPAU | ||
| 008 | 130308s9999 xx 000 0 und d | ||
| 040 | _aIT-RoPAU | ||
| 040 | _cIT-RoPAU | ||
| 041 | _aITALIANO | ||
| 100 | _aBaugh Lloyd | ||
| 100 | _gCodice Aut. SPICS: 48995 | ||
| 245 | _aCinema di Krzysztof Kieslowski (Il). La parabola della prossimità di Dio | ||
| 245 | _bCinema delle parabole (Il)-Vol.1 | ||
| 250 | _a1a ed. | ||
| 260 | _aCANTALUPA (TORINO) | ||
| 260 | _bEffata' | ||
| 260 | _c1999 [1° Ed.:1999 - Ed.Ling.Originale:1999] | ||
| 300 | _a"7 p. (prefazione: no ; testo: 7 [pagine: 15-21])" | ||
| 500 | _aRiflessioni Sul Cinema del regista Polacco. Come Nasce Dekalog. Dekalog 1.Breve Film Sull'Amore. | ||
| 650 | _aSAGGI SUL CINEMA | ||
| 650 | _eCodice materia Spics: 6811 | ||
| 942 | _cBK | ||
| 957 | _71 | ||
| 999 |
_c83815 _d83815 |
||
| 999 | _g1 | ||